មាណព នាគ និង​ សេក : (Record no. 8582)

MARC details
000 -LEADER
fixed length control field 03874nam a22003017a 4500
001 - CONTROL NUMBER
control field 8582
003 - CONTROL NUMBER IDENTIFIER
control field FISKH
005 - DATE AND TIME OF LATEST TRANSACTION
control field 20251002084739.0
008 - FIXED-LENGTH DATA ELEMENTS--GENERAL INFORMATION
fixed length control field 251001b cb ||||| |||| 00| 0 eng d
020 ## - INTERNATIONAL STANDARD BOOK NUMBER
International Standard Book Number 9789996301742
040 ## - CATALOGING SOURCE
Original cataloging agency FISKH
Language of cataloging khr
Transcribing agency FISKH
Modifying agency FISKH
050 ## - LIBRARY OF CONGRESS CALL NUMBER
Classification number PZ7
100 ## - MAIN ENTRY--PERSONAL NAME
Personal name Sotheary, Kimsun
245 ## - TITLE STATEMENT
Title មាណព នាគ និង​ សេក :
Remainder of title Man, Naga and parrot /
Statement of responsibility, etc. រៀបរៀងដោយ អ្នកស្រី គឹមស៊ុន សុធារី
260 ## - PUBLICATION, DISTRIBUTION, ETC.
Place of publication, distribution, etc. Phnom Penh :
Name of publisher, distributor, etc. Reading Books ,
Date of publication, distribution, etc. 2012.
300 ## - PHYSICAL DESCRIPTION
Extent 20 pages :
Other physical details color illustrations ;
Dimensions 25 cm .
490 ## - SERIES STATEMENT
Series statement ពិភពរឿងនិទាន
505 ## - FORMATTED CONTENTS NOTE
Formatted contents note J <br/>
520 ## - SUMMARY, ETC.
Summary, etc. កាលពីព្រេងនាយមានសេកមួយក្បាលចុះទៅផឹកទឹកក្នុងអណ្តូង ។​ ក្រោយមកក៏មានបុរសម្នាក់និងនាគរាជទៅផឹកទឹកដែរ ។​ ជាអកុសលពួកគេខំឡើងពីអណ្តូងមកវិញតែឡើងពុំរួច ។​ ក្រោយមកមានមាណពម្នាក់បានជួយ ។​ហើយមាណពនោះក៏បានសាកចិត្តអ្នកទាំង៣​ តើអ្នកណាដឹងគុណខ្លួនច្រើនជាងគេ ។​ សេកក៏បានពាំកែវមុក្តារបស់ស្តេចយកមកអោយមាណព​ ។​ មាណពក៏បានយករបស់នោះទៅផ្ញើបុរសដែលខ្លួនបានជួយពីក្នុងអណ្តូង​។​ ក្រោយបកព្រះរាជាក៏ប្រកាសរកកែវមុក្តានោះ ដោយសន្យាថានឺងប្រទានរង្វាន់អោយស្មើនឺងតម្លៃកែវនោះ ។ ដោយក្តីលោភលន់បុរសនោះក៏យកកែវនោះទៅថ្វាយស្តេច ។ ហើយព្រះរាជាក៏ចាត់អោយសេនាទៅចាប់មាណព​ដោយសារភាពស្មោះត្រង់មាណពបានរួចផុតពីសេចក្តីស្លាប់ ហើយព្រះរាជាក៏សង់ព្រះអោយមាណពស្នាក់នៅជាមួយសេក និងនាគ ថែមទាំងផ្តល់រង្វាន់ជាច្រើនផងដែរ ។​
520 ## - SUMMARY, ETC.
Summary, etc. Once upon a time, a monkey went down to drink water from a well. After that, a man and a Naga also came to drink water. Unfortunately, none of them could climb back up from the well. Later, a hermit came and helped all three of them out.<br/>The hermit then wanted to test which of the three was the most grateful. The parrot brought the hermit the royal crystal goblet belonging to the king. The hermit then sent the goblet to the man he had rescued from the well.<br/>Later, when the king found out the crystal goblet was missing, he made an announcement seeking its return, promising a reward equal to its value. Greedy for the reward, the man presented the goblet to the king, claiming it as his own.<br/>The king then ordered soldiers to arrest the hermit. However, due to the hermit's honesty and righteousness, he escaped execution. The king later built a hermitage for the hermit to live with the parrot and the Naga, and he granted them many rewards.
521 8# - TARGET AUDIENCE NOTE
Target audience note 500 <br/>
Source Lexile estimate <br/>
521 8# - TARGET AUDIENCE NOTE
Target audience note J <br/>
Source Raz-Plus <br/>
650 ## - SUBJECT ADDED ENTRY--TOPICAL TERM
Topical term or geographic name entry element មាណព នាគ និងសេក
Form subdivision រឿងនិទានកុមារ
650 ## - SUBJECT ADDED ENTRY--TOPICAL TERM
Topical term or geographic name entry element Man, naga and parrot
Form subdivision Children's stories
700 ## - ADDED ENTRY--PERSONAL NAME
Personal name Saren , Koam
Relator term Illustrator
942 ## - ADDED ENTRY ELEMENTS (KOHA)
Source of classification or shelving scheme Dewey Decimal Classification
Koha item type Khmer Books
Suppress in OPAC No
Holdings
Withdrawn status Lost status Source of classification or shelving scheme Damaged status Not for loan Collection Home library Current library Shelving location Date acquired Total Checkouts Full call number Barcode Date last seen Copy number Price effective from Koha item type
    Dewey Decimal Classification     Khmer-English Bilingual / ភាសាខ្មែរ-អង់គ្លេស Footprints International School Library Network Toul Tom Poung Campus Footprints International School Library Network Toul Tom Poung Campus TTP Primary Khmer Bookshelves 10/01/2025   SOT PZ7 FISTK04513 10/01/2025 1 10/01/2025 Khmer Books
    Dewey Decimal Classification     Khmer-English Bilingual / ភាសាខ្មែរ-អង់គ្លេស Footprints International School Library Network Toul Tom Poung Campus Footprints International School Library Network Toul Tom Poung Campus TTP Primary Khmer Bookshelves 10/24/2025   SOT PZ7 FISBK03809 10/24/2025 2 10/24/2025 Khmer Books